[Event "CZE-chT2A 1718"]
[Site "Czech Republic"]
[Date "2018.01.28"]
[Round "7.6"]
[White "Tichy, Lukas"]
[Black "Satransky, Jaroslav"]
[Result "1/2-1/2"]
[WhiteElo "1946"]
[BlackElo "2188"]
[PlyCount "55"]
[EventDate "2017.10.15"]
[EventType "team-tourn"]
[EventRounds "11"]
[EventCountry "CZE"]
[SourceTitle "EXT 2022"]
[Source "ChessBase"]
[SourceDate "2021.10.06"]
[SourceVersion "1"]
[SourceVersionDate "2021.10.06"]
[SourceQuality "1"]
[WhiteTeam "Udlice"]
[BlackTeam "Kladno"]
[WhiteTeamCountry "CZE"]
[BlackTeamCountry "CZE"]

1. e4 e5 2. Nf3 Nc6 3. Bb5 Nd4 4. Nxd4 exd4 5. d3 c6 6. Bc4 Nf6 7. 0-0 d6 8. Bg5 Be7 9. h3 0-0 10. Nd2 d5 11. Bxf6 Bxf6 12. exd5 cxd5 13. Bb3 a5 14. Qf3 Be6 15. a4 Bg5 16. Rfd1 Ra6 17. Nf1 Rd6 18. Re1 Qd7 19. Ng3 Rd8 20. Ne2 Bf6 21. Nf4 Bg5 22. Nh5 f6 23. Ng3 f5 24. Ne2 Bf6 25. Nf4 Bf7 26. Nh5 Bg5 27. Ng3 g6 28. Ne2 1/2-1/2

[Event "CZE-chT2A 1516"]
[Site "Czech Republic"]
[Date "2016.02.21"]
[Round "8.6"]
[White "Zboril, Jaroslav"]
[Black "Satransky, Jaroslav"]
[Result "0-1"]
[WhiteElo "1977"]
[BlackElo "2192"]
[PlyCount "138"]
[EventDate "2015.10.18"]
[EventType "team-tourn"]
[EventRounds "11"]
[EventCountry "CZE"]
[SourceTitle "EXT 2022"]
[Source "ChessBase"]
[SourceDate "2021.10.06"]
[SourceVersion "1"]
[SourceVersionDate "2021.10.06"]
[SourceQuality "1"]
[WhiteTeam "Karlovy Vary"]
[BlackTeam "Kladno"]
[WhiteTeamCountry "CZE"]
[BlackTeamCountry "CZE"]

1. Nf3 d6 2. d4 g6 3. Bf4 Bg7 4. e3 Nf6 5. h3 0-0 6. Be2 Nbd7 7. 0-0 c5 8. c3 b6 9. Nbd2 Bb7 10. a4 a6 11. Bd3 Re8 12. Bh2 e5 13. Nc4 Bxf3 14. gxf3 Bf8 15. dxe5 dxe5 16. Qe2 b5 17. axb5 axb5 18. Rxa8 Qxa8 19. Nd2 c4 20. Be4 Nxe4 21. Nxe4 Qc6 22. Rd1 Nc5 23. Nxc5 Bxc5 24. e4 f6 25. Qd2 g5 26. Qd5+ Qxd5 27. Rxd5 Rc8 28. Kg2 b4 29. cxb4 Bxb4 30. Kg3 Kg7 31. h4 h6 32. Kg4 Kf7 33. Rb5 Be7 34. Kf5 Rd8 35. Rb7 Rd3 36. Kg4 Rb3 37. Rc7 Rxb2 38. Rxc4 Rxf2 39. Bg3 Rf1 40. hxg5 hxg5 41. Rc3 Kg6 42. Rc6 Kf7 43. Rc3 Ke6 44. Rc6+ Bd6 45. Rb6 Kd7 46. Rb7+ Bc7 47. Rb3 Ke6 48. Re3 Ba5 49. Ra3 Bd2 50. Kh3 Bf4 51. Bxf4 gxf4 52. Kg2 Rd1 53. Ra6+ Kf7 54. Ra8 Rd2+ 55. Kg1 Rb2 56. Kf1 Ke7 57. Ra7+ Kd6 58. Ra5 Kc6 59. Ra8 Kc5 60. Rd8 Kc4 61. Rd6 Kc3 62. Rxf6 Kd4 63. Re6 Ke3 64. Rxe5 Kxf3 65. Kg1 Ke2 66. Rh5 Rb1+ 67. Kg2 f3+ 68. Kg3 Ke3 69. Rf5 Rg1+ 0-1

[Event "CZE-chT2A 1516"]
[Site "Czech Republic"]
[Date "2015.12.06"]
[Round "4.6"]
[White "Prochazka, Dalibor"]
[Black "Satransky, Jaroslav"]
[Result "0-1"]
[WhiteElo "2183"]
[BlackElo "2192"]
[PlyCount "108"]
[EventDate "2015.10.18"]
[EventType "team-tourn"]
[EventRounds "11"]
[EventCountry "CZE"]
[SourceTitle "EXT 2022"]
[Source "ChessBase"]
[SourceDate "2021.10.06"]
[SourceVersion "1"]
[SourceVersionDate "2021.10.06"]
[SourceQuality "1"]
[WhiteTeam "Karlovy Vary Tietz"]
[BlackTeam "Kladno"]
[WhiteTeamCountry "CZE"]
[BlackTeamCountry "CZE"]

1. e4 e5 2. f4 exf4 3. Bc4 f5 4. d3 Qh4+ 5. Kf1 fxe4 6. g3 fxg3 7. Kg2 d6 8. hxg3 Qg4 9. Qe1 Be7 10. Nc3 Be6 11. Nd5 Bxd5 12. Bxd5 Nc6 13. Bxe4 0-0-0 14. Bf3 Qd7 15. Qe4 Nf6 16. Qa4 d5 17. Bd2 a6 18. Re1 Bd6 19. Rh4 Ne5 20. Qxd7+ Kxd7 21. Bd1 h6 22. Nf3 Nxf3 23. Bxf3 Rde8 24. Rhh1 c6 25. c4 Be5 26. b4 Bd4 27. a4 Rxe1 28. Rxe1 Re8 29. Rc1 Be3 30. Rc2 Bxd2 31. Rxd2 d4 32. b5 Re3 33. Kf2 Kc7 34. a5 Nd7 35. bxc6 bxc6 36. Be4 Nc5 37. Bg6 Re6 38. Bh5 Re5 39. Bf3 Nb7 40. Rb2 Nxa5 41. Ra2 Kb6 42. Ra4 c5 43. Ra2 Re3 44. Be4 Nxc4 45. Bd5 Ne5 46. Rb2+ Ka5 47. Ra2+ Kb4 48. Rxa6 Nxd3+ 49. Kg2 c4 50. Rc6 Ne5 51. Rc7 g6 52. Kf2 Kc3 53. Bb7 Kd2 54. Ba6 c3 0-1

[Event "CZE-chT2A 1516"]
[Site "Czech Republic"]
[Date "2015.10.18"]
[Round "1.6"]
[White "Satransky, Jaroslav"]
[Black "Folkova, Martina"]
[Result "0-1"]
[WhiteElo "2192"]
[BlackElo "2009"]
[PlyCount "70"]
[EventDate "2015.10.18"]
[EventType "team-tourn"]
[EventRounds "11"]
[EventCountry "CZE"]
[SourceTitle "EXT 2022"]
[Source "ChessBase"]
[SourceDate "2021.10.06"]
[SourceVersion "1"]
[SourceVersionDate "2021.10.06"]
[SourceQuality "1"]
[WhiteTeam "Kladno"]
[BlackTeam "Kozolupy"]
[WhiteTeamCountry "CZE"]
[BlackTeamCountry "CZE"]

1. e4 e5 2. Nc3 Nf6 3. f4 d5 4. fxe5 Nxe4 5. Nf3 Be7 6. d4 f5 7. exf6 Bxf6 8. Bd3 Nxc3 9. bxc3 Qe7+ 10. Qe2 Qxe2+ 11. Kxe2 0-0 12. Be3 c5 13. Kd2 c4 14. Be2 Nc6 15. Raf1 Bd7 16. Ne1 b5 17. Bf3 Be6 18. g4 b4 19. Ng2 Rad8 20. g5 bxc3+ 21. Kxc3 Be7 22. Kd2 Bd6 23. h4 Ne7 24. Be2 Bf5 25. Nf4 c3+ 26. Kd1 Rb8 27. Nd3 Rb1+ 28. Nc1 Rfb8 29. Rf2 Ba3 30. Bd3 Bg4+ 31. Be2 Bf5 32. Bd3 g6 33. h5 Rxc1+ 34. Bxc1 Rb1 35. Ke2 Bg4+ 0-1

[Event "Rakovnik Regional-chT 1415"]
[Site "Rakovnik"]
[Date "2015.04.12"]
[Round "11.4"]
[White "Satransky, Jaroslav"]
[Black "Benes, Petr"]
[Result "1/2-1/2"]
[WhiteElo "2275"]
[BlackElo "2117"]
[PlyCount "113"]
[EventDate "2014.10.19"]
[EventType "team-tourn"]
[EventRounds "11"]
[EventCountry "CZE"]
[SourceTitle "EXT 2016"]
[Source "ChessBase"]
[SourceDate "2015.10.08"]
[SourceVersion "1"]
[SourceVersionDate "2015.10.08"]
[SourceQuality "1"]
[WhiteTeam "Rakovnik"]
[BlackTeam "Nymburk Sokol"]
[WhiteTeamCountry "CZE"]
[BlackTeamCountry "CZE"]

1. e4 d6 2. d4 Nf6 3. Nc3 c6 4. Be2 Qa5 5. Bf3 e5 6. Nge2 Be7 7. h3 0-0 8. 0-0 b5 9. a3 b4 10. Nb1 c5 11. d5 Ba6 12. Be3 Nxe4 13. Bxe4 f5 14. Bf3 e4 15. Bxe4 fxe4 16. Nd2 Bf6 17. axb4 Qxb4 18. c3 Qxb2 19. Rxa6 Nxa6 20. Nxe4 Qa2 21. Nf4 Nc7 22. Qg4 Rae8 23. Nxd6 Nxd5 24. Nxe8 Rxe8 25. Qd7 Rd8 26. Qe6+ Kh8 27. Bxc5 Nxc3 28. Qxa2 Nxa2 29. Bxa7 Nc3 30. g3 Rd1 31. Rxd1 Nxd1 32. Nd5 Bb2 33. Kg2 Nc3 34. Nc7 Ne4 35. Kf3 Nf6 36. g4 Kg8 37. g5 Nd7 38. Ke4 Kf7 39. f4 Nf8 40. f5 g6 41. Bc5 gxf5+ 42. Kxf5 Bg7 43. h4 Bb2 44. h5 Nd7 45. Bd6 Nf8 46. Bf4 Kg8 47. Ne8 Kf7 48. Nd6+ Kg8 49. Ne4 Kf7 50. Nd6+ Kg8 51. Nc4 Bc3 52. Be5 Bxe5 53. Nxe5 Kg7 54. h6+ Kg8 55. Kf6 Kh8 56. Kf7 Nd7 57. Nxd7 1/2-1/2

[Event "CZE-chT2A 1415"]
[Site "Czech Republic"]
[Date "2015.03.15"]
[Round "9.2"]
[White "Satransky, Jaroslav"]
[Black "Matras, Ondrej"]
[Result "1-0"]
[WhiteElo "2275"]
[BlackElo "2210"]
[PlyCount "65"]
[EventDate "2014.11.02"]
[EventType "team-tourn"]
[EventRounds "11"]
[EventCountry "CZE"]
[SourceTitle "EXT 2022"]
[Source "ChessBase"]
[SourceDate "2021.10.06"]
[SourceVersion "1"]
[SourceVersionDate "2021.10.06"]
[SourceQuality "1"]
[WhiteTeam "Kladno"]
[BlackTeam "Praha Vrsovice"]
[WhiteTeamCountry "CZE"]
[BlackTeamCountry "CZE"]

1. e4 e6 2. d4 d5 3. exd5 exd5 4. Bd3 Bd6 5. Nc3 c6 6. Nge2 Ne7 7. Bg5 f6 8. Bf4 Bf5 9. Bxf5 Nxf5 10. Qd3 g6 11. 0-0-0 Na6 12. Rde1 Kf7 13. g4 Ng7 14. h4 Nc7 15. h5 Nce6 16. Bd2 Qc7 17. Qe3 g5 18. h6 Ne8 19. Ng3 Qd7 20. Nce2 Bf4 21. Qd3 Bxd2+ 22. Qxd2 Nd6 23. f4 Nc4 24. Qd3 gxf4 25. Nh5 Nd6 26. Ref1 Ne4 27. Nexf4 N6g5 28. Rhg1 Rhc8 29. Nh3 Nxh3 30. Nxf6 Nxf6 31. Qxh7+ Ke8 32. Qh8+ Kf7 33. Rxf6+ 1-0

[Event "Rakovnik Regional-chT 1415"]
[Site "Rakovnik"]
[Date "2015.02.15"]
[Round "8.4"]
[White "Hanibal, Kamil"]
[Black "Satransky, Jaroslav"]
[Result "0-1"]
[WhiteElo "1879"]
[BlackElo "2275"]
[PlyCount "78"]
[EventDate "2014.10.19"]
[EventType "team-tourn"]
[EventRounds "11"]
[EventCountry "CZE"]
[SourceTitle "EXT 2016"]
[Source "ChessBase"]
[SourceDate "2015.10.08"]
[SourceVersion "1"]
[SourceVersionDate "2015.10.08"]
[SourceQuality "1"]
[WhiteTeam "Dobrovice"]
[BlackTeam "Rakovnik"]
[WhiteTeamCountry "CZE"]
[BlackTeamCountry "CZE"]

1. e4 e5 2. Bc4 Nf6 3. d4 exd4 4. Nf3 Nc6 5. e5 d5 6. Bb5 Ne4 7. Nxd4 Bd7 8. Bxc6 bxc6 9. 0-0 Be7 10. f3 Nc5 11. Be3 0-0 12. Nd2 Re8 13. N2b3 Nxb3 14. Nxb3 Qb8 15. Qd2 a5 16. c3 a4 17. Nc5 Bxc5 18. Bxc5 Rxe5 19. Bd4 Re6 20. f4 Re4 21. Rf2 Qf8 22. Re2 Rae8 23. Rae1 Bf5 24. Rxe4 Rxe4 25. Rxe4 Bxe4 26. Qf2 f6 27. h4 Qc8 28. Kh2 Qe6 29. Qe3 Kf7 30. Qh3 Qd6 31. Qe3 h6 32. a3 g5 33. hxg5 hxg5 34. g3 g4 35. Kg1 Qe6 36. Qf2 Bf3 37. Qd2 Qe4 38. Kf2 Qh7 39. Ke3 Qh1 0-1

[Event "Rakovnik Regional-chT 1415"]
[Site "Rakovnik"]
[Date "2015.02.01"]
[Round "7.4"]
[White "Satransky, Jaroslav"]
[Black "Kozeny, Pavel"]
[Result "0-1"]
[WhiteElo "2275"]
[BlackElo "2070"]
[PlyCount "158"]
[EventDate "2014.10.19"]
[EventType "team-tourn"]
[EventRounds "11"]
[EventCountry "CZE"]
[SourceTitle "EXT 2016"]
[Source "ChessBase"]
[SourceDate "2015.10.08"]
[SourceVersion "1"]
[SourceVersionDate "2015.10.08"]
[SourceQuality "1"]
[WhiteTeam "Rakovnik"]
[BlackTeam "Lysa nad Labem IV"]
[WhiteTeamCountry "CZE"]
[BlackTeamCountry "CZE"]

1. e4 c5 2. Nc3 Nc6 3. f4 a6 4. a4 e6 5. Nf3 Qc7 6. d3 d6 7. Be2 Nf6 8. 0-0 Rb8 9. Qe1 b5 10. axb5 axb5 11. Bd1 b4 12. Ne2 Be7 13. Ng3 0-0 14. Ng5 Re8 15. Nh5 Nxh5 16. Bxh5 g6 17. Bd1 f6 18. Nf3 Bd7 19. b3 Bf8 20. Qg3 Bg7 21. Bb2 Ra8 22. Rb1 d5 23. h4 d4 24. Bc1 Ne7 25. Nh2 e5 26. fxe5 Nc6 27. Ng4 Bxg4 28. Bxg4 Nxe5 29. Bf4 Ra2 30. Rf2 Qe7 31. Rbf1 Nf7 32. Qh3 Ra7 33. Kh1 h6 34. Qg3 Kh7 35. h5 g5 36. Bf5+ Kg8 37. Bd2 Ne5 38. Re2 Ra2 39. Rc1 Rd8 40. Rf2 Rda8 41. Qh3 Re8 42. Rff1 Bf8 43. Be1 Qg7 44. Be6+ Kh8 45. Qf5 Ra6 46. Bd5 Qh7 47. Qxh7+ Kxh7 48. Bg3 Ng4 49. Ra1 Rxa1 50. Rxa1 Ne3 51. Bf7 Re7 52. Bg6+ Kg7 53. Ra2 Rb7 54. Kg1 Be7 55. Kf2 Bd8 56. Bf5 Bc7 57. Bxc7 Rxc7 58. g4 Kf7 59. Ke2 Ke7 60. Kd2 Nf1+ 61. Kc1 Ne3 62. Ra1 Ng2 63. Kd2 Ne3 64. Re1 Ra7 65. Rxe3 dxe3+ 66. Kxe3 Ra2 67. Kd2 Kf8 68. Kc1 Ra1+ 69. Kd2 Ke7 70. d4 cxd4 71. Kd3 Ra2 72. e5 fxe5 73. Kc4 Kd6 74. Be4 Ra7 75. Kxb4 Rc7 76. Ka4 Kc5 77. b4+ Kb6 78. Bd3 Rc3 79. Bf5 Rg3 0-1

[Event "CZE-chT2A 1314"]
[Site "Czech Republic"]
[Date "2014.01.05"]
[Round "5.5"]
[White "Satransky, Jaroslav"]
[Black "Janska, Jitka"]
[Result "1-0"]
[WhiteElo "2199"]
[BlackElo "1931"]
[PlyCount "109"]
[EventDate "2013.11.03"]
[EventType "team-tourn"]
[EventRounds "11"]
[EventCountry "CZE"]
[SourceTitle "EXT 2015"]
[Source "ChessBase"]
[SourceDate "2014.11.20"]
[SourceVersion "1"]
[SourceVersionDate "2014.11.20"]
[SourceQuality "1"]
[WhiteTeam "Kladno"]
[BlackTeam "Klatovy"]
[WhiteTeamCountry "CZE"]
[BlackTeamCountry "CZE"]

1. e4 e5 2. Nc3 Nf6 3. f4 d5 4. fxe5 Nxe4 5. Nf3 Be7 6. d3 Nxc3 7. bxc3 c5 8. Be2 Nc6 9. 0-0 0-0 10. Qe1 f6 11. Qg3 fxe5 12. Bg5 Bxg5 13. Nxg5 Bf5 14. Bh5 Qd7 15. Rf2 g6 16. Raf1 Rf6 17. Nxh7 Kxh7 18. Qh4 Kg7 19. Bxg6 Kxg6 20. g4 Rg8 21. Qh5+ Kg7 22. Rxf5 Rg6 23. h3 Nd8 24. Rg5 Qe6 25. Rxg6+ Qxg6 26. Qxe5+ Kh7 27. Rf5 Nf7 28. Qxd5 Nh6 29. Rf4 Rg7 30. Qxc5 Qe6 31. Qf2 Qxa2 32. c4 Qa1+ 33. Kg2 Qe5 34. Re4 Qd6 35. Qxa7 b6 36. Qa1 Nf5 37. Qe1 Qf6 38. Qf2 Nh4+ 39. Kg3 Nf5+ 40. Kh2 Qd6+ 41. Qf4 Qxf4+ 42. Rxf4 Ne3 43. Rf2 Nd1 44. Re2 Rc7 45. Kg3 Nc3 46. Re5 Ra7 47. Kf4 Ra2 48. Re7+ Kg8 49. Rb7 Rxc2 50. Rxb6 Rf2+ 51. Kg5 Rf3 52. h4 Rxd3 53. Kg6 Kf8 54. h5 Rg3 55. Rf6+ 1-0

[Event "CZE-chT2A 1314"]
[Site "Czech Republic"]
[Date "2013.12.15"]
[Round "4.4"]
[White "Satransky, Jaroslav"]
[Black "Sperl, Hynek"]
[Result "1-0"]
[WhiteElo "2199"]
[BlackElo "2026"]
[PlyCount "103"]
[EventDate "2013.11.03"]
[EventType "team-tourn"]
[EventRounds "11"]
[EventCountry "CZE"]
[SourceTitle "EXT 2015"]
[Source "ChessBase"]
[SourceDate "2014.11.20"]
[SourceVersion "1"]
[SourceVersionDate "2014.11.20"]
[SourceQuality "1"]
[WhiteTeam "Kladno"]
[BlackTeam "Tachov"]
[WhiteTeamCountry "CZE"]
[BlackTeamCountry "CZE"]

1. e4 c5 2. Nc3 Nc6 3. f4 e6 4. Nf3 Nge7 5. g3 g6 6. Bg2 Bg7 7. 0-0 0-0 8. d3 d6 9. Ne2 Nd4 10. c3 Nxe2+ 11. Qxe2 Nc6 12. Be3 b6 13. Rad1 Bb7 14. f5 exf5 15. exf5 Re8 16. Qd2 Rb8 17. Bh6 Qf6 18. fxg6 Qxg6 19. Bxg7 Qxg7 20. Nh4 Ne5 21. Nf5 Qg6 22. d4 Nc4 23. Qf4 Bxg2 24. Kxg2 Qxf5 25. Qxf5 Ne3+ 26. Kh3 Nxf5 27. Rxf5 Re6 28. dxc5 bxc5 29. b3 Rb6 30. Rd2 Kg7 31. c4 Rc6 32. g4 f6 33. Rfd5 h6 34. Kg3 Kg6 35. Kf4 Rb6 36. Kf3 Rc6 37. Re2 Rxe2 38. Kxe2 Ra6 39. Rd2 f5 40. Kf3 fxg4+ 41. Kxg4 Rb6 42. Kf4 Kf6 43. Ke4 Ra6 44. Kd5 Kf5 45. Rg2 h5 46. h4 Kf4 47. Rg5 Rxa2 48. Kxd6 Ra3 49. Rxh5 Rxb3 50. Rxc5 Ke4 51. Re5+ Kd4 52. c5 1-0

[Event "CZE-chT2A 1314"]
[Site "Czech Republic"]
[Date "2013.11.17"]
[Round "2.3"]
[White "Cesal, Jaroslav"]
[Black "Satransky, Jaroslav"]
[Result "0-1"]
[WhiteElo "2246"]
[BlackElo "2199"]
[PlyCount "67"]
[EventDate "2013.11.03"]
[EventType "team-tourn"]
[EventRounds "11"]
[EventCountry "CZE"]
[SourceTitle "EXT 2015"]
[Source "ChessBase"]
[SourceDate "2014.11.20"]
[SourceVersion "1"]
[SourceVersionDate "2014.11.20"]
[SourceQuality "1"]
[WhiteTeam "Kozolupy"]
[BlackTeam "Kladno"]
[WhiteTeamCountry "CZE"]
[BlackTeamCountry "CZE"]

1. Nf3 d6 2. d4 g6 3. g3 Bg7 4. Bg2 Nc6 5. 0-0 e5 6. Bg5 f6 7. Be3 e4 8. Nfd2 f5 9. f3 Nxd4 10. Nxe4 Ne6 11. Nec3 Nf6 12. Bf2 0-0 13. e4 fxe4 14. fxe4 Ng5 15. Be3 Nh3+ 16. Kh1 Ng4 17. Qe2 Rxf1+ 18. Bxf1 Nxe3 19. Qxe3 Qf6 20. Nd2 Nf2+ 21. Kg1 Ng4 22. Bc4+ Kh8 23. Qe2 Qd4+ 24. Kh1 Nf2+ 25. Kg1 Nxe4+ 26. Kh1 Nf2+ 27. Kg1 Ng4+ 28. Kh1 Bd7 29. Nf3 Bc6 30. Bb5 Bxf3+ 31. Qxf3 Rf8 32. Ne2 Rxf3 33. Nxd4 Bxd4 34. c3 0-1

[Event "CZE-chT2A 1213"]
[Site "Czech Republic"]
[Date "2013.03.24"]
[Round "11.5"]
[White "Satransky, Jaroslav"]
[Black "Jonas, Vaclav"]
[Result "0-1"]
[WhiteElo "2224"]
[BlackElo "1975"]
[PlyCount "80"]
[EventDate "2012.10.14"]
[EventType "team-tourn"]
[EventRounds "11"]
[EventCountry "CZE"]
[SourceTitle "EXT 2015"]
[Source "ChessBase"]
[SourceDate "2014.11.20"]
[SourceVersion "1"]
[SourceVersionDate "2014.11.20"]
[SourceQuality "1"]
[WhiteTeam "Kladno"]
[BlackTeam "Klatovy"]
[WhiteTeamCountry "CZE"]
[BlackTeamCountry "CZE"]

1. e4 e5 2. Nf3 Nc6 3. Bc4 Nf6 4. d4 exd4 5. 0-0 Bc5 6. e5 d5 7. exf6 dxc4 8. Re1+ Be6 9. Ng5 Qd5 10. Nc3 Qf5 11. Nce4 0-0-0 12. Nxe6 fxe6 13. fxg7 Rhg8 14. Bh6 Bb4 15. Re2 Qg6 16. a3 Ba5 17. Bg5 Rxg7 18. g3 d3 19. cxd3 Rxd3 20. Qa4 Nd4 21. Re3 Nf3+ 22. Rxf3 Rxf3 23. Qxc4 Bb6 24. Kg2 Rf8 25. Be3 Bxe3 26. fxe3 Kb8 27. Nc5 Qf7 28. Qe2 Qf5 29. b4 Rgf7 30. Rd1 e5 31. e4 Qc8 32. Qb5 Rf2+ 33. Kg1 c6 34. Na6+ Ka8 35. Qxe5 bxa6 36. Qc5 R2f6 37. a4 Qh3 38. Qc4 Qe6 39. Qd4 Qf7 40. Qd3 Qa2 0-1

[Event "CZE-chT2A 1213"]
[Site "Czech Republic"]
[Date "2013.02.17"]
[Round "9.4"]
[White "Hadraba, Vladimir"]
[Black "Satransky, Jaroslav"]
[Result "0-1"]
[WhiteElo "2228"]
[BlackElo "2224"]
[PlyCount "108"]
[EventDate "2012.10.14"]
[EventType "team-tourn"]
[EventRounds "11"]
[EventCountry "CZE"]
[SourceTitle "EXT 2015"]
[Source "ChessBase"]
[SourceDate "2014.11.20"]
[SourceVersion "1"]
[SourceVersionDate "2014.11.20"]
[SourceQuality "1"]
[WhiteTeam "Teplice"]
[BlackTeam "Kladno"]
[WhiteTeamCountry "CZE"]
[BlackTeamCountry "CZE"]

1. e4 e5 2. Nf3 Nc6 3. Bb5 a6 4. Ba4 b5 5. Bb3 Bc5 6. 0-0 d6 7. c3 Bg4 8. d3 Nf6 9. Qe2 0-0 10. h3 Bd7 11. Be3 Qe7 12. Nbd2 Na5 13. Bc2 Bxe3 14. fxe3 c5 15. Qf2 Ne8 16. Qg3 Rc8 17. Rf2 Nc6 18. Raf1 Nc7 19. Nh4 Kh8 20. Bb3 Be6 21. Nf5 Bxf5 22. exf5 f6 23. e4 Na5 24. Bd1 d5 25. Nb3 Nxb3 26. Bxb3 c4 27. Bc2 Rfd8 28. Qe3 d4 29. cxd4 Rxd4 30. dxc4 bxc4 31. b3 Qa3 32. Bb1 Nb5 33. Qc1 c3 34. Qe3 Qa5 35. a4 Na3 36. Bd3 Rcd8 37. Qc1 Rxd3 38. Qxa3 Qb6 39. Kh1 Qe3 40. Qb4 h6 41. Rf3 Qe2 42. R3f2 Qe3 43. Rf3 Qd2 44. R3f2 Qg5 45. Qc4 Qg3 46. b4 Rd2 47. Rxd2 Rxd2 48. Rg1 c2 49. Qc5 Qg5 50. Kh2 Qf4+ 51. Kh1 Qxe4 52. Qc8+ Kh7 53. b5 axb5 54. axb5 Rd1 0-1

[Event "RA-2011-0-00154"]
[Site "LSS email"]
[Date "2011.09.25"]
[Round "?"]
[White "Satransky, Jaroslav"]
[Black "Dob, Gabor"]
[Result "0-1"]
[WhiteElo "2184"]
[BlackElo "2080"]
[PlyCount "50"]
[EventDate "2011.09.07"]
[EventType "tourn (corr)"]
[EventRounds "6"]
[EventCountry "GER"]
[SourceTitle "Telechess CBM 157"]
[Source "ChessBase"]
[SourceDate "2013.11.12"]
[SourceVersion "1"]
[SourceVersionDate "2013.11.12"]
[SourceQuality "1"]

1. e4 e6 2. d4 d5 3. exd5 exd5 4. Bd3 Bd6 5. Ne2 Ne7 6. Nbc3 c6 7. Bg5 0-0 8. Ng3 h6 9. Qh5 f5 10. Bd2 Nd7 11. 0-0-0 Nf6 12. Qf3 Ne4 13. Nge2 Nxd2 14. Rxd2 f4 15. Re1 Nf5 16. Qh5 Nh4 17. f3 Bd7 18. Ng1 Qf6 19. Nxd5 cxd5 20. Qxd5+ Kh8 21. Qxb7 Qd8 22. a3 Rb8 23. Qxa7 Ra8 24. Qb7 Bxa3 25. bxa3 Rxa3 0-1

[Event "OP-2011-0-01787"]
[Site "LSS email"]
[Date "2011.09.24"]
[Round "?"]
[White "Babos, Istvan"]
[Black "Satransky, Jaroslav"]
[Result "0-1"]
[WhiteElo "1159"]
[BlackElo "2184"]
[PlyCount "57"]
[EventDate "2011.09.21"]
[EventType "tourn (corr)"]
[EventRounds "4"]
[EventCountry "GER"]
[SourceTitle "Telechess CBM 157"]
[Source "ChessBase"]
[SourceDate "2013.11.12"]
[SourceVersion "1"]
[SourceVersionDate "2013.11.12"]
[SourceQuality "1"]

1. d4 c5 2. d5 Nf6 3. Nc3 g6 4. Nf3 Bg7 5. e4 d6 6. h3 0-0 7. Bd3 Na6 8. 0-0 Nc7 9. a4 Bd7 10. Bc4 a6 11. a5 Nb5 12. Qd3 Nxc3 13. bxc3 Qc7 14. Bf4 Rae8 15. Rfe1 Rd8 16. Bb3 Bb5 17. c4 Nh5 18. Bd2 Bxa1 19. cxb5 c4 20. Bxc4 axb5 21. Bxb5 Bg7 22. a6 bxa6 23. Bc6 Rb8 24. Qa3 Rfc8 25. Qxa6 Rb2 26. g4 Nf6 27. e5 dxe5 28. Nxe5 Rcb8 29. Ba5 0-1